| 000 | 00874nam a22002417a 4500 | ||
|---|---|---|---|
| 999 |
_c6958 _d6958 |
||
| 003 | AR-CdUCM | ||
| 008 | 190319b ||||| |||| 00| 0 spa d | ||
| 040 |
_aMUNICIPALIDAD PROVINCIAL DEL CUSCO _cBIBLIOTECA MUNICIPAL DEL CUSCO |
||
| 082 |
_a617.6 / _bM91 |
||
| 100 |
_aMoss, Aaron A. _919615 |
||
| 245 | _aHipnodoncia o Hipnosis en Odontología / | ||
| 260 |
_aBuenos Aires : _bMundi, _c1961. |
||
| 300 |
_a335 paginas ; _bIlustraciones, _c28 cm. |
||
| 500 | _aTitulo original : Hypnodontics (hypnosis in dentistry) | ||
| 505 | _aHipnodoncia actual -- Historia de la hipnodoncia -- Teoría de la sugestión -- Teoría de la HIpnosis... | ||
| 650 |
_aOdontología _919616 |
||
| 650 |
_aOrtodoncia _919617 |
||
| 650 |
_aDentadura _919618 |
||
| 700 |
_aCaceres, M. A. (Traductor) _919619 |
||
| 700 |
_aYoguel, A.(Traductor) _919620 |
||
| 942 |
_2ddc _cLIBROS |
||
| 945 | _awnts | ||